00693nam a2200241 a 4500001001300000003000900013005001700022008004100039020000800080082001800088100001900106245001900125260005400144300000900198500003500207505001000242650003600252700001900288902000800307942000700315952011400322999001500436nice12345678IN_TiNIC20260116011744.0050524s1969 hyda grp 000 0 urd  ac200a297.1229bHAS aHashmi, Jameel aMazharul Bayan aHyderabad bMarkazi Anjuman Taleemus Salat c1969 a112p aincludes index and biblioraphy2 aIndex aQuran-Surah Fatiha Hermaneutics1 aHashmi, Jameel bSRS cBK 001040708StackRoom-aHMIbHMId2007-08-07g2.00l0o297.1229 HASp05474r2007-08-07v2.00w2005-05-24yBK c3733d3733